[Event "LXIII MEX-ch Open Leon 2017"]
[Site "Leon"]
[Date "2017.04.14"]
[Round "6"]
[White "Salazar Farias, Luis German"]
[Black "Lopez Raygoza, Luis Albert"]
[Result "1/2-1/2"]
[WhiteElo "2296"]
[BlackElo "2250"]
[Annotator "TA"]
[PlyCount "110"]
[EventDate "2017.??.??"]
[EventType "swiss"]
[EventCountry "MEX"]
[SourceTitle "playchess.com"]
[Source "ChessBase"]
[SourceQuality "1"]

{[%evp 16,110,14,0,28,0,0,0,0,-4,75,-104,0,-35,-31,-69,-27,-16,2,-26,-30,-24,-29,-29,-24,-49,-49,-71,-63,-97,0,-21,0,-3,0,0,-4,-20,5,4,3,3,3,0,15,7,14,13,15,17,24,18,28,24,26,26,51,18,19,-522,15,15,15,15,15,15,15,15,43,43,43,43,51,51,51,51,51,43,47,43,43,0,51,43,43,43,46,43,46,46,46,46,46,0,50,43,51]} 1. e4 e5 2. Nf3 Nc6 3. Bc4 Bc5 4. c3 Nf6 5. d3 d6 6. Nbd2 a6 7. Bb3 Ba7 8. h3 O-O 9. Nf1 Ne7 {C54: Giuoco Piano: 4 c3 Nf6, main lines with 5 d4 and 5 d3} 10. Bg5 (10. Ng3 Ng6 11. O-O Be6 12. Bc2 c5 13. Re1 h6 14. Bd2 Qd7 15. Qc1 Rfe8 16. a4 a5 17. c4 {½-½ (26) Wei,Y (2706)-Bu,X (2698) Shenzhen 2016}) 10... Ng6 11. Nh4 Nf4 {Threatens to win with ...Nxe4!The position is equal.} 12. Qf3 Ne6 (12... a5 $11) 13. Be3 $146 {[#]} (13. Bxf6 $1 $16 Qxf6 14. Qxf6 gxf6 15. Ne3) (13. Bxf6 Qxf6 14. Qxf6 gxf6 15. Ne3 Nf4 16. O-O-O Bxe3+ 17. fxe3 {1-0 (61) Sukandar,I (2319)-Pourkashiyan,A (2335) Sharjah 2014}) 13... Nc5 (13... Bxe3 $1 $17 14. Nxe3 {[#]} Nxe4 $1 {[%mdl 512]} 15. dxe4 (15. Qxe4 Nc5 16. Qf3 Qxh4 $17) 15... Qxh4) 14. Bxc5 Bxc5 15. O-O-O Ne8 16. Nf5 Bxf5 17. exf5 c6 18. d4 exd4 19. cxd4 Ba7 20. Ne3 d5 21. g4 Nd6 22. h4 Qe7 ({Black should try} 22... Re8 $17 23. g5 Nb5) 23. Bc2 $11 Nb5 24. f6 $1 {[%cal Rf6e7]} Qxf6 25. Qxf6 gxf6 26. Nf5 Bb8 27. g5 Bf4+ 28. Kb1 Nd6 ({Not} 28... fxg5 $2 29. hxg5 Rae8 30. Rh4 $18) 29. gxf6 Nxf5 30. Rhg1+ Kh8 {White must now prevent ...Nd6.} 31. Bxf5 {White wants to mate with Rg7.} Rg8 32. Kc2 Raf8 33. Kd3 Bc7 34. Rg5 Rxg5 35. hxg5 {[%mdl 4096] Endgame And now Rh1 would win. KRB-KRB} Rg8 36. Rh1 {[%csl Gf5][%cal Rh1h7]} Rxg5 37. Rxh7+ Kg8 {[#]} 38. Rg7+ $1 {[%mdl 512]} Rxg7 39. fxg7 {KB-KB} b6 40. Bc8 a5 41. Bb7 Kxg7 42. Bxc6 Kf6 43. Bxd5 Ke7 44. Kc4 f6 45. Be4 Kd6 46. f4 Bd8 47. Kb5 Kc7 48. Kc4 Kd6 $1 49. a4 Be7 50. Bf5 Bd8 51. Kd3 Be7 52. Ke4 Bd8 53. Bc8 Bc7 54. Kf5 Ke7 55. Bb7 Bd8 1/2-1/2

[Event "LXIII MEX-ch Open Leon 2017"]
[Site "Leon"]
[Date "2017.04.14"]
[Round "6"]
[White "Benitez Lozano, Javier"]
[Black "Ruiz Sanchez, Orlen"]
[Result "1-0"]
[WhiteElo "2270"]
[BlackElo "2455"]
[Annotator "TA"]
[PlyCount "67"]
[EventDate "2017.??.??"]
[EventType "swiss"]
[EventCountry "MEX"]
[SourceTitle "playchess.com"]
[Source "ChessBase"]
[SourceQuality "1"]

{[%evp 8,67,35,27,45,21,14,20,15,5,54,48,42,45,35,47,58,54,45,68,125,94,79,79,123,131,164,290,389,388,382,381,389,393,706,700,697,686,669,647,829,826,817,749,746,749,727,441,436,436,417,417,433,426,574,574,554,559,926,642,725,700]} 1. e4 c5 2. Nf3 d6 3. Bb5+ Nd7 4. O-O Ngf6 5. Re1 a6 {B51: Sicilian: Moscow Variation (3 Bb5+) without 3...Bd7} 6. Bd3 e6 7. c3 b5 {The position is equal.} 8. a4 (8. Bc2 c4 9. a4 Bb7 10. d4 cxd3 11. Bxd3 bxa4 12. Qxa4 Be7 13. h3 O-O 14. Be3 Qc7 15. Nbd2 Rfb8 16. Qa5 Bd8 17. Qxc7 Bxc7 18. b4 {½-½ (18) Nakamura,H (2785)-Vachier Lagrave,M (2796) Sharjah 2017}) 8... c4 9. Bf1 Bb7 10. axb5 $146 (10. d3 bxa4 11. Qxa4 cxd3 12. Bxd3 Be7 13. Be3 {½-½ (31) Vlasak,L (2356)-Nguyen,T (2429) Prague 2016}) 10... axb5 11. Rxa8 Qxa8 12. Na3 Bxe4 13. Nxb5 Qc8 (13... Bxf3 $14 14. gxf3 Qc6) 14. Qa4 Bxf3 15. gxf3 d5 16. b3 {[%cal Rb3c4]} cxb3 17. Ba3 (17. Qxb3 $6 Qd8 $14) 17... Be7 18. Nd6+ ({Weaker is} 18. Qxb3 Kf8 $16) 18... Bxd6 19. Bxd6 Ng8 20. Rb1 {[%cal Be1b1,Bb1b3,Bb3b7][%mdl 32]} ({Resist} 20. Qxb3 Ne7 21. Bb5 Qa8 22. Bxe7 Kxe7 23. Qb4+ Kd8 $18) 20... f5 $2 {[#]} (20... Ne7 21. Rxb3 O-O 22. Bxe7 Nc5 23. Bxc5 Qxc5) 21. Ba6 $18 ({Less strong is} 21. Qxb3 Kf7 22. Ra1 Ngf6 $16) 21... Qd8 22. Rxb3 Kf7 23. Rb7 Qg5+ 24. Kf1 Ngf6 25. h4 Qxd2 26. Rxd7+ Kg6 27. h5+ Nxh5 28. Re7 Qc1+ 29. Kg2 Qg5+ 30. Kh2 {White is clearly winning.} h6 31. Rxe6+ Kh7 32. Bd3 Rc8 33. Qg4 g6 {[#]} 34. Rxg6 $1 {[%mdl 512]} 1-0

[Event "LXIII MEX-ch Open Leon 2017"]
[Site "Leon"]
[Date "2017.04.15"]
[Round "7"]
[White "Cordova, Emilio"]
[Black "Obregon Rivero, Juan Carlos"]
[Result "1-0"]
[WhiteElo "2645"]
[BlackElo "2529"]
[Annotator "TA"]
[PlyCount "155"]
[EventDate "2017.??.??"]
[EventType "swiss"]
[EventCountry "MEX"]
[SourceTitle "playchess.com"]
[Source "ChessBase"]
[SourceQuality "1"]

{[%evp 24,155,45,41,45,41,45,20,26,25,36,29,44,31,45,33,27,-10,0,-29,-25,-19,-8,-21,22,5,21,-4,-9,-35,-36,-47,-41,-27,-16,-94,0,0,0,0,0,0,0,0,18,18,18,15,14,0,18,12,12,12,39,5,53,55,55,0,55,36,50,50,56,12,56,17,74,81,81,74,162,0,289,307,504,408,548,18,18,18,18,10,49,59,69,30,24,0,0,0,0,0,0,0,38,42,100,97,96,91,102,93,100,99,141,134,130,127,243,102,95,57,113,101,72,90,102,102,97,35,854,823,1509,1180,1616,1322,1737,2220,2162,1502,29960,4982]} 1. Nf3 Nf6 2. d4 g6 3. g3 Bg7 4. Bg2 O-O 5. O-O d6 6. c4 Nc6 7. Nc3 Bg4 8. h3 Bxf3 9. Bxf3 Nd7 10. e3 e5 11. d5 Ne7 12. e4 f5 13. Bd2 Nf6 {E62: King's Indian: Fianchetto: 6...c6 and Panno Variation (6...Nc6) without ...a6} 14. Rc1 Qd7 15. Kg2 Rf7 {The position is equal.} 16. b4 a5 $146 (16... Raf8 17. Bg5 h6 18. Bxf6 Rxf6 19. c5 h5 20. c6 bxc6 21. dxc6 {1-0 (41) Reshevsky,S (2565)-Popovych,O (2415) New York 1972}) 17. a3 h6 18. Qc2 g5 19. Qd3 f4 20. g4 Ng6 21. Rg1 Nh4+ 22. Kf1 axb4 23. axb4 h5 24. Bd1 hxg4 25. Bxg4 Nxg4 26. Rxg4 Bf6 27. c5 Ra3 28. Ke2 {[%cal Bf1e2,Be2d1,Bd1c2,Bc2b3][%mdl 32]} Rh7 29. f3 (29. c6 $11 Qc8 30. Rb1) 29... b6 (29... Kf8 $17) 30. c6 $11 Qc8 31. Rh1 Kf7 32. Bc1 Ra1 33. Kd1 Ng6 34. Kc2 Qh8 35. Qf1 Qa8 36. Kb3 Rh8 37. Rgg1 Nh4 38. Qe2 Qc8 39. Rf1 Ra8 40. Bb2 Ng6 41. Qg2 (41. Nb5 $1 $14) 41... Rh4 ({Black should play} 41... Nh4 $11 42. Qe2 Bd8) 42. Ra1 Rxa1 43. Bxa1 Qa6 44. Bb2 {[%cal Ba1b2,Bb2c1,Bc1d2,Bd2e1,Be1f2][%mdl 32]} Bd8 45. Bc1 Qc8 (45... Be7 $11) 46. Bd2 $16 Rh8 47. Be1 Qa6 (47... Kg7 $16) 48. Qa2 $2 (48. Qg4 $18) 48... Qc8 $2 {[%mdl 8192]} (48... Qxa2+ $11 {and Black has nothing to worry.} 49. Kxa2 Ne7) 49. Qa7 $1 $18 Be7 $2 (49... Kg7 50. Bf2 Kf6) 50. Bf2 Kf6 51. Qb7 $2 (51. Nb5 $18) 51... Qxb7 $1 $11 52. cxb7 {Strongly threatening Ra1.} Rb8 53. h4 Rxb7 54. hxg5+ Kg7 55. Nb5 (55. Kc4 $5 {is interesting.} Ra7 56. Kb5 Ra3 57. Be1 Bxg5 58. Kc6) 55... Bxg5 56. Rc1 Bd8 57. Ra1 Bh4 58. Bg1 Be7 59. Kc4 Kf7 60. Kd3 {[%mdl 1024] White has compensation.} Bd8 (60... Nf8 $1 $14) 61. Ra8 $16 Bh4 62. Ke2 Ne7 63. Na7 Ng6 64. Nc6 Nf8 65. Bf2 Bf6 66. Kd3 Nd7 {[#]} (66... Kg7 $16) 67. Kc4 (67. Rd8 $1 $18 {[%cal Rd8d7][%mdl 512] and the rest is easy.} Nf8 (67... Bxd8 68. Nxd8+) 68. Kc4) 67... b5+ 68. Kd3 Kg7 (68... Kg6 $14) 69. Rc8 $36 {[%mdl 2048] White is really pushing.} Nb6 70. Bxb6 $1 cxb6 {[%mdl 4096] Endgame KRB-KRN} 71. Ra8 Kg6 {[#]} 72. Ra7 ({White should try} 72. Na7 $1 $16) 72... Rxa7 $4 {[%mdl 8192]} (72... Rf7 $14) 73. Nxa7 $14 {KB-KN} Kh5 74. Nc8 ({Not} 74. Nxb5 Be7 $18) 74... Kg6 75. Kc3 Kh5 76. Nxd6 Kh4 77. Kd3 Kh3 78. Nxb5 (78. Ne8 $142 Bg5 79. d6 Kg3 80. Ke2 Kh4 81. Nc7 Kh3 82. d7 Kh4 83. Ne6) 1-0

[Event "LXIII MEX-ch Open Leon 2017"]
[Site "Leon"]
[Date "2017.04.15"]
[Round "7"]
[White "Macieja, Bartlomiej"]
[Black "Benitez Lozano, Javier"]
[Result "1-0"]
[WhiteElo "2529"]
[BlackElo "2270"]
[Annotator "TA"]
[PlyCount "101"]
[EventDate "2017.??.??"]
[EventType "swiss"]
[EventCountry "MEX"]
[SourceTitle "playchess.com"]
[Source "ChessBase"]
[SourceQuality "1"]

{[%evp 19,101,9,12,0,19,12,11,56,61,29,30,0,0,0,0,0,0,0,39,44,42,42,52,32,29,28,57,31,41,28,22,20,23,10,17,18,20,10,17,5,12,11,11,18,38,33,39,47,67,58,166,140,279,272,356,355,419,372,371,318,360,240,341,328,395,402,393,386,385,385,437,373,372,372,741,508,755,736,647,600,6479,6109,5322,5099]} 1. Nf3 Nf6 2. c4 b6 3. d4 e6 4. g3 Bb7 5. Bg2 Be7 6. Nc3 O-O 7. Qc2 c5 8. d5 exd5 9. Ng5 h6 10. h4 {E17: Queen's Indian: 4 g3 Bb7 5 Bg2 Be7} Na6 {LiveBook: 4 Games} 11. cxd5 (11. Nxd5 $5 {looks sharper.} Bxd5 12. cxd5 Bd6 13. Ne4 Nb4 14. Qd1) 11... Nb4 (11... hxg5 $6 12. hxg5 Nb4 13. Qb1 $16) 12. Qd1 {The position is equal.} hxg5 (12... Na6 $5 {looks sharper.} 13. Nh3 Nc7 14. Nf4 d6 15. a4 Re8) 13. hxg5 Nfxd5 $146 (13... Nh7 14. a3 Na6 15. e4 g6 16. f4 f5 17. gxf6 Bxf6 {1-0 (38) Ponomariov,R (2705)-Korotylev,A (2600) Moscow 2007}) 14. Nxd5 (14. Bxd5 $5 {is interesting.} Nxd5 15. Nxd5 Bxg5 16. Qd3 f5 17. Bxg5 Qxg5 18. f4) 14... Bxg5 15. a3 ({Of course not} 15. Bxg5 Qxg5 16. Ne7+ Qxe7 $15) (15. Kf1 $5 {with more complications.} Nxd5 16. Bxd5 Bxd5 17. Qxd5 Bxc1 18. Rxc1 Qf6 19. Qh5) 15... Nxd5 16. Bxd5 Bxd5 17. Qxd5 Bxc1 18. Rxc1 Qf6 19. Qh5 {[%csl Gh1][%cal Rh5h8]} Qh6 $1 {[%cal Rh6c1]} 20. Qxh6 gxh6 $14 {[%mdl 4096] Endgame KRR-KRR} 21. Rd1 Rad8 22. Rd6 Kg7 23. Rhxh6 Rfe8 24. Rh4 Re6 25. Rd5 d6 26. Rdh5 Kf6 27. Rf4+ Ke7 28. Kd2 Rf6 29. Re4+ Kd7 30. f3 {[%cal Bf2f3,Bf3f4][%mdl 32]} Kc6 31. g4 {[%cal Bg3g4,Bg4g5][%mdl 32]} b5 32. Rh7 Rd7 33. Re8 d5 34. g5 Rg6 {[#]} (34... Rf5 $1 $14) 35. f4 $1 $18 d4 (35... Kd6 $16 36. Rb8 f6 37. Rxd7+ Kxd7) 36. Rf8 f6 37. Rc8+ (37. Rxf6+ Rxf6 38. Rxd7 Rxf4 39. Rxa7 Rg4 $16) 37... Kb7 38. Rxd7+ Kxc8 {KR-KR} 39. Rd5 ({Weaker is} 39. Rxa7 fxg5 40. Ra5 c4 $16) 39... c4 {and the idea ...fxg5 leaves Black hopeful.} 40. Rxb5 fxg5 (40... Kc7 $142 41. Rc5+ Kb6 42. Rxc4 fxg5 43. Rxd4 gxf4 44. Rxf4 Rg3) 41. Rxg5 ({Don't do} 41. fxg5 Kc7 42. Rc5+ Kd6 43. Rxc4 Rxg5 44. Rxd4+ Kc5 $18) 41... Rf6 {[#]} 42. Rc5+ $1 Kb7 43. Rxc4 Rxf4 44. Kd3 Rf8 45. Rxd4 Kc6 46. Rc4+ Kb5 $2 (46... Kd6 47. Ra4 Rf7) 47. e4 {White is clearly winning.} Re8 48. a4+ Ka5 49. Kc3 a6 50. b4+ Kb6 51. Kd4 1-0

[Event "LXIII MEX-ch Open Leon 2017"]
[Site "Leon"]
[Date "2017.04.15"]
[Round "7"]
[White "Hernandez Guerrero, Gilberto"]
[Black "Gonzalez Zamora, Juan Carlos"]
[Result "1-0"]
[WhiteElo "2499"]
[BlackElo "2517"]
[Annotator "TA"]
[PlyCount "115"]
[EventDate "2017.??.??"]
[EventType "swiss"]
[EventCountry "MEX"]
[SourceTitle "playchess.com"]
[Source "ChessBase"]
[SourceQuality "1"]

{[%evp 18,115,31,27,44,37,34,36,23,25,49,33,51,29,22,7,42,22,39,20,14,14,36,37,35,35,42,32,32,33,48,19,5,14,22,10,0,0,0,0,12,14,27,16,41,22,81,81,81,108,108,123,123,106,119,98,106,109,81,90,320,326,291,293,354,358,750,673,727,718,654,645,624,635,625,629,1023,1270,1347,1259,1198,1154,1816,1787,1664,1648,29979,29980,29973,29973,29980,29981,29982,29981,29984,29985,29988,29989,5189,3233]} 1. e4 c5 2. Nf3 e6 3. b3 d6 4. Bb2 Nf6 5. Bb5+ Bd7 6. Bxd7+ Nbxd7 7. Qe2 Be7 8. O-O O-O 9. c4 e5 10. Nc3 {LiveBook: 15 Games. B52: Sicilian: Moscow Variation with 3...Bd7} Re8 (10... g6 11. Ne1 Nh5 12. g3 Bf6 13. Rb1 Bg7 14. Ba1 a5 15. a3 Nb8 16. b4 axb4 17. axb4 b6 {1-0 (38) Lupulescu,C (2609)-Houriez,C (2335) Novi Sad 2016}) 11. Ne1 {[%cal Bf3e1,Be1c2,Bc2e3][%mdl 32]} Nf8 12. Nc2 {White is slightly better.} Ne6 13. Ne3 Bf8 14. g3 g6 15. Qd3 Bg7 16. Kh1 $146 (16. Ncd5 Nd7 17. Bc3 Nd4 {½-½ (80) Grosar,A (2495)-Bukic,E (2435) Ljubljana 1997}) 16... h5 17. Ncd5 Nxd5 18. cxd5 Nd4 19. a4 Qd7 20. Bxd4 exd4 21. Nc4 Re7 22. Rae1 Rae8 23. Re2 b6 24. f4 f5 {[%cal Rf5e4]} 25. Rfe1 Bf8 26. Qf3 (26. Kg2 $5 {seems wilder.} fxe4 27. Rxe4 Kg7 28. Rxe7+ Rxe7 29. Rf1) 26... fxe4 27. Rxe4 Rxe4 28. Rxe4 Rxe4 29. Qxe4 Kf7 30. Kg2 Be7 31. d3 Bd8 (31... Kg7 $11 {remains equal.}) 32. f5 $1 $16 gxf5 33. Qf4 $1 Be7 34. Qh6 h4 35. Qh7+ Ke8 36. gxh4 {[%cal Bg3h4,Bh4h5,Bh5h6][%mdl 32]} Bf8 37. Qg6+ $1 Kd8 38. Kf3 Kc7 $2 (38... f4 $16) 39. h5 $18 f4 40. Kxf4 Qe7 41. h6 Qh4+ $2 {[#]} (41... a6 42. h7 Bg7) 42. Kf5 $1 Qh3+ {[#]} 43. Kf6 $1 {Hoping for Qf7+.} Qf3+ 44. Ke6 Qh3+ 45. Kf7 Qxh6 46. Qg8 Qf4+ 47. Ke8 Bh6 48. Qh7+ Kb8 49. Qe7 Qg4 50. Qxd6+ Kb7 51. Qxh6 Qc8+ 52. Ke7 Qc7+ 53. Ke6 Qc8+ 54. Ke5 Qe8+ 55. Qe6 Qh8+ 56. Kd6 Qxh2+ 57. Ne5 Ka6 58. Kc7 1-0

[Event "LXIII MEX-ch Open Leon 2017"]
[Site "Leon"]
[Date "2017.04.15"]
[Round "7"]
[White "Fernandez Cardoso, Alexey"]
[Black "Diaz Rosas, Julio Cesar"]
[Result "1-0"]
[WhiteElo "2445"]
[BlackElo "2312"]
[Annotator "TA RC"]
[PlyCount "65"]
[EventDate "2017.??.??"]
[EventType "swiss"]
[EventCountry "MEX"]
[SourceTitle "playchess.com"]
[Source "ChessBase"]
[SourceQuality "1"]

{[%evp 16,65,45,0,75,16,113,87,106,98,109,95,109,97,112,120,157,131,146,127,128,121,361,356,296,296,381,403,401,391,423,448,373,434,418,441,440,440,408,405,400,333,665,664,645,631,623,585,1762,1040,3083,2811]} 1. e4 c5 2. Nc3 d6 3. Nf3 a6 4. d4 cxd4 5. Nxd4 Nf6 6. f4 e6 7. Qf3 Qb6 8. Nb3 Qc7 9. Be3 {LiveBook: 11 Games. B82: Sicilian Scheveningen: 6 f4} Nc6 (9... b5 $11) 10. g4 ({Better is} 10. O-O-O $16) (10. O-O-O b5 11. g4 Bb7 12. g5 Nd7 13. Kb1 g6 14. Bf2 Rc8 15. a3 Nc5 16. Bxb5 axb5 17. Nxb5 Qb8 18. Nxd6+ Bxd6 19. Nxc5 Rd8 20. Nxb7 Qxb7 21. Rd3 O-O 22. h4 Na5 {½-½ (22) Kravtsiv,M (2645)-Korobov,A (2692) Rivne 2016}) 10... g6 $146 (10... d5 $11) (10... b5 11. g5 Nd7 12. O-O-O Be7 13. h4 b4 14. Na4 {1-0 (28) Drazic,S (2489)-Leskur,D (2468) Mataruska Banja 2008}) 11. g5 {White is better.} Nd7 12. O-O-O Bg7 13. Nd4 h6 14. gxh6 Rxh6 15. Kb1 Rh5 16. f5 {Strongly threatening fxg6.} Nxd4 17. Bxd4 Bxd4 18. Rxd4 $40 {[%mdl 128] Threatens to win with Be2. White attacks with force.} b5 $2 (18... Ne5 $16 {keeps fighting.} 19. Qf4 exf5) 19. fxg6 $18 fxg6 20. Qg3 Ne5 21. Be2 Rh6 22. Rhd1 Nf7 {[#]} 23. e5 $1 {[%mdl 512]} d5 (23... dxe5 24. Rg4) 24. Rf1 g5 25. h4 {[%cal Bh2h4,Bh4g5,Bg5g6][%mdl 32]} Qxe5 26. Qf2 Ra7 27. hxg5 Rh2 28. Qg1 Rb7 $2 ({Reject} 28... Rxe2 29. Nxe2 Qxe2 30. g6 $18) (28... Nxg5 29. Rdf4 Rah7 30. Nxd5 Qxd5) 29. Rdf4 {White is clearly winning.} Rh8 30. g6 ({Weaker is} 30. Qc5 Rc7 31. Qb4 Qd6 $18) 30... Nd6 31. Qc5 {aiming for Ne4!} Rg7 32. a4 b4 {[#]} 33. Ne4 $1 {[%mdl 512]} 1-0

[Event "LXIII MEX-ch Open Leon 2017"]
[Site "Leon"]
[Date "2017.04.15"]
[Round "7"]
[White "Diaz Hernandez, Heriberto"]
[Black "Salazar Farias, Luis German"]
[Result "1-0"]
[WhiteElo "2331"]
[BlackElo "2296"]
[Annotator "RC"]
[PlyCount "23"]
[EventDate "2017.??.??"]
[EventType "swiss"]
[EventCountry "MEX"]
[SourceTitle "playchess.com"]
[Source "ChessBase"]
[SourceQuality "1"]
[TimeControl "5400+30"]

1. e4 {[%emt 0:00:00]} c5 {[%emt 0:01:22]} 2. Nf3 {[%emt 0:00:00]} g6 {[%emt 0:00:42]} 3. c4 {[%emt 0:00:41]} Nc6 {[%emt 0:00:06]} 4. d4 {[%emt 0:00:18]} cxd4 {[%emt 0:00:06]} 5. Nxd4 {[%emt 0:00:05]} Bg7 {[%emt 0:00:03]} 6. Be3 {[%emt 0:00:16]} Nf6 {[%emt 0:00:06]} 7. Nc3 {[%emt 0:00:13]} O-O {[%emt 0:00:06]} 8. Be2 {[%emt 0:00:31]} d6 {[%emt 0:00:00]} 9. O-O {[%emt 0:00:38]} Bd7 {[%emt 0:00:21]} 10. f3 Nxd4 {[%emt 0:04:51]} 11. Bxd4 {[%emt 0:00:56]} a5 {[%emt 0:00:05]} 12. c5 1-0

[Event "LXIII MEX-ch Open Leon 2017"]
[Site "Leon"]
[Date "2017.04.15"]
[Round "7"]
[White "Tello Chavez, Isaac Valent"]
[Black "Cuenca Jimenez, Jose Fernando"]
[Result "1/2-1/2"]
[WhiteElo "2286"]
[BlackElo "2477"]
[Annotator "TA"]
[PlyCount "117"]
[EventDate "2017.??.??"]
[EventType "swiss"]
[EventCountry "MEX"]
[SourceTitle "playchess.com"]
[Source "ChessBase"]
[SourceQuality "1"]

{[%evp 14,117,-16,-21,10,-14,19,-20,0,-16,0,0,0,0,0,0,10,9,16,9,33,13,6,-11,0,-15,-18,-21,-15,-15,-14,-15,-18,-23,-5,-8,-14,-9,-7,-7,10,-50,-58,-63,-61,-64,-31,-26,-35,-35,-36,-34,-9,-104,-100,-97,-99,-102,-91,-86,-96,-127,-114,-124,-83,-75,-84,-80,-42,-59,-64,-67,-71,-64,-53,-63,-59,-60,-60,-59,-53,-50,-37,-37,-34,-41,-42,-42,-34,-37,0,0,0,0,0,-8,-8,-8,-8,-33,-8,-8,-8,-8,-8,-29983]} 1. d4 d6 2. Bg5 Nd7 3. Nd2 Ngf6 4. Ngf3 e5 5. dxe5 dxe5 6. e4 {A46: 1 d4 Nf6 2 Nf3 e6: Torre, London and Colle Systems} (6. e3 Be7 7. Bc4 O-O 8. O-O {½-½ (8) Astasio Lopez,D (2397)-Paunovic,D (2500) Elgoibar 2013}) 6... Be7 7. Bc4 O-O 8. O-O {LiveBook: 3 Games} c6 9. a4 a5 10. c3 Qc7 11. Qc2 $146 (11. Nh4 Nc5 12. Qf3 Nfxe4 13. Nxe4 Nxe4 14. Qxe4 Bxg5 15. Nf3 Bf6 16. Rfe1 Re8 17. g4 g6 18. Re3 {½-½ (18) Olcayoz,A (2290)-Apaydin,F (2103) Kusadasi 2004}) 11... Nc5 12. Be3 Ng4 13. Bg5 Nf6 14. Be3 Bd7 15. b4 Ne6 16. bxa5 Nc5 17. a6 Nxa6 18. Nb3 b5 19. axb5 cxb5 20. Bd3 Ng4 21. Bg5 Bxg5 22. Nxg5 h6 23. Nf3 $1 Nc5 24. Nxc5 Qxc5 25. h3 Nf6 26. Qb2 Ra4 27. Rxa4 (27. c4 $11) 27... bxa4 $15 28. Qb4 Rc8 {[%cal Bf8c8,Bc8c3,Bc3d3][%mdl 32]} 29. Ra1 Qxc3 30. Qxc3 Rxc3 31. Nxe5 Be8 32. Kf1 $1 Nd7 33. Nxd7 (33. Bb5 $1 $11 Nxe5 34. Bxe8) 33... Rxd3 $11 {[%mdl 4096] Endgame KRB-KRN} ({Of course not} 33... Bxd7 $6 34. Ke2 $11) 34. Nc5 Rd4 35. f3 Bb5+ 36. Kf2 Rc4 37. Nb7 Rc2+ 38. Kg3 Rc3 39. Kf4 f6 40. Nd6 Bc6 (40... Bd7 $5 {seems wilder.} 41. h4 g5+ 42. hxg5 hxg5+ 43. Kg3 Kf8) 41. e5 fxe5+ 42. Kxe5 Rc5+ 43. Kf4 Kf8 44. Ra3 Ke7 45. Nf5+ Kf6 46. Nd4 Bd7 47. h4 Re5 48. g4 g5+ 49. hxg5+ hxg5+ 50. Kg3 Rd5 51. Ne2 Rd2 52. Nc3 {[#] Hoping for Ne4+.} Rd4 53. Ne4+ Kg6 54. Kf2 Bc6 55. Ke3 Rb4 {aiming for ...Bxe4.} 56. Nc3 Kf6 {[#]} 57. Rxa4 $1 {[%mdl 512] The position is equal.} Rxa4 ({But not} 57... Bxa4 $6 58. Nd5+ Ke6 59. Nxb4 $16) 58. Nxa4 Bxa4 59. Ke4 $2 {[%mdl 40960] An unexpected result.} (59. f4 $11) 1/2-1/2

[Event "LXIII MEX-ch Open Leon 2017"]
[Site "Leon"]
[Date "2017.04.15"]
[Round "7"]
[White "Cofre Archibold, Nestor"]
[Black "Otero Acosta, Diasmany"]
[Result "0-1"]
[WhiteElo "2256"]
[BlackElo "2438"]
[Annotator "TA"]
[PlyCount "76"]
[EventDate "2017.??.??"]
[EventType "swiss"]
[EventCountry "MEX"]
[SourceTitle "playchess.com"]
[Source "ChessBase"]
[SourceQuality "1"]

{[%evp 14,76,7,6,7,-61,-60,-112,-51,-302,-123,-123,-125,-129,-126,-127,-125,-123,-121,-121,-125,-116,-119,-113,-107,-142,-137,-154,-156,-143,-117,-155,-156,-154,-156,-146,-147,-147,-152,-141,-141,-141,-142,-203,-199,-196,-198,-183,-184,-172,-172,-350,-354,-368,-361,-521,-513,-796,-745,-811,-801,-1368,-1233,-1783,-1643]} 1. Nf3 d5 2. c4 c6 3. b3 Nf6 4. g3 Bg4 5. Bg2 e6 6. Bb2 Nbd7 7. O-O Bd6 8. d4 h5 {[%cal Bh7h5,Bh5h4][%mdl 32] D11: Slav Defence: 3 Nf3 sidelines and 3...Nf6 4 e3 Bg4} (8... O-O 9. Nbd2 h6 10. Ne5 Bf5 11. Rc1 Qe7 12. h3 Ba3 13. Bxa3 Qxa3 14. Nxd7 Nxd7 15. Ra1 a5 16. Qc1 Qe7 17. a3 {½-½ (34) Timofeev,A (2690)-Ni,H (2645) Ningbo 2010}) 9. Ne5 (9. Qe1 $11) 9... h4 $1 $15 10. f3 (10. Nd2 $15) 10... Bf5 $146 {White must now prevent ...hxg3.Black is better.} (10... hxg3 11. hxg3 Bf5 12. Kf2 Qe7 13. Rh1 O-O-O 14. Nd2 Nxe5 15. dxe5 Bc5+ 16. e3 {0-1 (45) Hillenbrand,M (2084)-Weber,R (2061) Germany 1999}) 11. e4 $2 {[%mdl 8192]} (11. g4 $15 h3 12. Bh1 Bxg4 13. c5 (13. fxg4 Nxe5 14. dxe5 Nxg4 $17) (13. Nxg4 Nxg4 14. fxg4 Bxh2+ 15. Kf2 Qg5 $15)) 11... Nxe5 (11... dxe4 12. fxe4 Bxe4 13. Nxf7 Kxf7 14. Bxe4 hxg3 15. hxg3 $17 (15. Qg4 $2 Rxh2 16. Qg6+ Kg8 $19)) (11... hxg3 $19 {is more deadly.} 12. exf5 gxh2+ 13. Kh1 Nh5) 12. dxe5 Bc5+ 13. Bd4 Qb6 $1 14. Bxc5 Qxc5+ 15. Rf2 hxg3 16. hxg3 dxe4 17. exf6 e3 $1 {[%cal Re3f2]} (17... Rd8 18. Qe1 exf3 19. fxg7 $11) 18. Re2 Qe5 19. fxg7 Qxg7 20. Na3 Qxg3 {aiming for ...Qh2+.} 21. Qd4 Qh2+ $1 {[%mdl 1024] Black has strong compensation.} 22. Kf1 {Black should prevent Rd1.} Rg8 23. Rd1 Bh3 {[%cal Rh2h1]} 24. Qd7+ Kf8 {[%cal Rh2h1]} 25. Qd6+ Qxd6 26. Rxd6 Rxg2 27. Rxg2 {[#] Threatens to win with Nc2.} Ke7 $1 $36 {[%cal Re7d6][%mdl 2048] Keeping White busy.} (27... e2+ 28. Kxe2 Bxg2 29. Rd4 $16) 28. Rd4 {[#]} (28. Ke2 $17 Bxg2 29. Rd3) 28... Rg8 $1 $19 {[%cal Rg8g2]} ({And not} 28... e2+ 29. Kxe2 Bxg2 30. Rh4 $16) 29. Rdg4 Rxg4 (29... Bxg2+ $2 {loses.} 30. Rxg2 (30. Kxg2 Rd8 31. Kf1 Rd2 $14) 30... Rd8 31. Ke1 $18) 30. fxg4 {Strongly threatening Kg1.} e2+ $1 31. Kxe2 Bxg2 {[%mdl 4096] Endgame KB-KN} 32. c5 $2 (32. Kf2 Bh1 33. c5) 32... Bd5 33. Nc2 Kf6 34. Nb4 (34. Kf2 $142) 34... Kg5 {Black is clearly winning.} 35. Ke3 (35. Nd3 $142 f6 36. Nf2) 35... Kxg4 36. Kd4 f6 37. Nd3 Kf3 38. Nb4 e5+ 0-1